000 00736nam a2200241Ia 4500
003 OSt
005 20220924125428.0
006 a|||||r|||| 00| 0
007 ta
008 220923b |||||||| |||| 00| 0 fre d
024 _a256325
037 _cTextual
040 _aARTS
_cARTS
_bfre
041 _2fre
_afre
082 _aV641:1:N5, 122K5
100 _aYoung Crawford
_9114892
245 0 _aIntroductiona la politique conogolaise traduit de l'anglais par paul Duchesne )
260 _aRue
_bDu Cogres Centre de Redherche Et D'Information Socio-Politiques Bruxelles
_c1965
300 _a391p
_ccm.
650 _aHISTORY
942 _hV641:1:N5, 122K5
_cTEXL
_2CC
999 _c422650
_d422650